Where Did These 2025-2026 Players Play Before Joining FC Barcelona - Statistics

General Stats
  • This quiz has been taken 36 times
  • The average score is 24 of 35
Answer Stats
Player Nationality Position Year Joined Answer % Correct
Marcus Rashford (On Loan at Barca) England FW 2025 Manchester United
91%
Robert Lewandowski Poland FW 2022 Bayern Munich
88%
Wojciech Szczęsny Poland GK 2024 Juventus
88%
Raphinha Brazil FW 2022 Leeds United
84%
Dani Olmo Spain MF 2024 RB Leipzig
81%
Jules Koundé France DF 2022 Sevilla
81%
Frenkie de Jong Netherlands MF 2019 Ajax
78%
Pau Cubarsí Spain DF 2023 Barcelona(Academy)
78%
Ferran Torres Spain FW 2022 Manchester City
78%
Joan García Spain GK 2025 RCD Espanyol
78%
Gavi Spain MF 2021 Barcelona(Academy)
75%
Marc Bernal Spain MF 2024 Barcelona(Academy)
75%
Lamine Yamal Spain FW 2023 Barcelona(Academy)
75%
Andreas Christensen Denmark DF 2022 Chelsea
75%
Alejandro Balde Spain DF 2021 Barcelona(Academy)
72%
Héctor Fort Spain DF 2023 Barcelona(Academy)
72%
Dro Fernández Spain MF 2025 Barcelona(Academy)
72%
Eric García Spain DF 2021 Manchester City
72%
Jofre Torrents Spain DF 2023 Barcelona(Academy)
69%
Xavi Espart Spain DF 2025 Barcelona(Academy)
69%
Fermín López Spain MF 2023 Barcelona(Academy)
69%
Marc Casadó Spain MF 2022 Barcelona(Academy)
69%
Guille Fernández Spain MF 2024 Barcelona(Academy)
69%
Juan Hernández Spain MF 2025 Barcelona(Academy)
69%
Ansu Fati Spain FW 2019 Barcelona(Academy)
69%
Ander Astralaga Spain GK 2023 Barcelona(Academy)
66%
Iñaki Peña Spain GK 2022 Barcelona(Academy)
66%
Diego Kochen USA GK 2022 Barcelona(Academy)
66%
Toni Fernández Spain FW 2025 Barcelona(Academy)
66%
Pedri Spain MF 2020 Las Palmas
66%
Eder Aller Spain GK 2025 Barcelona(Academy)
63%
Marc-André ter Stegen Germany GK 2014 Borussia Mönchengladbach
50%
Roony Bardghji Sweden FW 2025 FC Copenhagen
38%
Gerard Martín Spain DF 2024 UE Cornellà
9%
Ronald Araújo Uruguay DF 2019 Boston River
3%
No matching quizzes found
Score Distribution
Percent of People with Each Score
Percentile by Number Answered
Your Score History
You have not taken this quiz